Gargoyles by Age Quiz Stats

Quiz not verified by Sporcle

Also try: Joan Rivers Quotes
Challenge
Share
Tweet
Embed
Score 0/57 Timer 10:00
0 Plays Today
Year Name % Correct
878Hudson
98.2%
938Goliath
96.4%
958Lexington
94.6%
978Bronx
94.6%
938Demona
92.9%
958Broadway
92.9%
958Brooklyn
92.9%
1058Angela
83.9%
938Coldstone
80.4%
938Coldsteel
76.8%
1898Griff
75%
938Coldfire
73.2%
1058Gabriel
71.4%
1898Leo
71.4%
1898Una
71.4%
1995Thailog
64.3%
1996Delilah
60.7%
1996Hollywood
60.7%
2158Delilah II
60.7%
978Kermit
57.1%
1058Boudicca
57.1%
1938Jade
57.1%
1938Turquesa
57.1%
1996Burbank
57.1%
878Hudson's Mate
55.4%
978True
55.4%
1058Ophelia
55.4%
1898Kai
55.4%
1918Zafiro
55.4%
Year Name % Correct
1938Yama
55.4%
1996Malibu
55.4%
2158Zafiro II
55.4%
898Chomp
53.6%
898Chaw
53.6%
918Second
53.6%
918Sacrifice
53.6%
938Brooksbro
53.6%
1918Obsidiana
53.6%
1996Brentwood
53.6%
1998Tachi
53.6%
958Schnozz
51.8%
1958Constance
51.8%
1978Nashville
51.8%
2058Lancelot
51.8%
938Hyppolyta
50%
1058Archangel
50%
1798Old Pog
50%
1958Sora
50%
1978Lunette
50%
2158Samson
50%
1058Michael
48.2%
1058Raphael
48.2%
1958Stagheart
48.2%
2018Artus
46.4%
1058Azrael
44.6%
1058Uriel
44.6%
2038Gwenyvere
44.6%

You're not logged in!

Compare scores with friends on all Sporcle quizzes.
Sign Up with Email
OR
Log In

You Might Also Like...

Show Comments

Extras

Top Quizzes Today


Score Distribution

Your Account Isn't Verified!

In order to create a playlist on Sporcle, you need to verify the email address you used during registration. Go to your Sporcle Settings to finish the process.